[Event "Sharjah Cup (Women) 12th"]
[Site "Sharjah"]
[Date "2022.12.15"]
[Round "8"]
[White "Yasaswi, Krishna Bommi"]
[Black "Jawaher, Khalil"]
[Result "1-0"]
[WhiteElo "1323"]
[BlackElo "1088"]
[PlyCount "87"]
[EventDate "2022.12.09"]
[EventType "swiss"]
[EventRounds "9"]
[EventCountry "UAE"]
[SourceTitle "CBM 211 Extra"]
[Source "ChessBase"]
[SourceDate "2023.01.31"]
[SourceVersion "1"]
[SourceVersionDate "2023.01.31"]
[SourceQuality "1"]

1. d4 Nf6 2. Bf4 d5 3. e3 e6 4. Nd2 Bd6 5. Bg3 0-0 6. Ngf3 c5 7. c3 Qc7 8. Bd3 Nbd7 9. 0-0 e5 10. dxe5 Nxe5 11. Nxe5 Bxe5 12. Nf3 Bxg3 13. hxg3 Bg4 14. Kh2 Rfe8 15. Rh1 Re5 16. Kg1 Rh5 17. Rxh5 Bxh5 18. Qc2 Bg6 19. Bxg6 hxg6 20. Rd1 b5 21. Qe2 a6 22. a3 Rd8 23. b4 Ne4 24. Qd3 a5 25. Nd2 Nxd2 26. Rxd2 c4 27. Qd4 a4 28. e4 Kf8 29. exd5 Rd6 30. Qc5 Qd7 31. Re2 Kg8 32. Re8+ Kh7 33. Re5 f6 34. Re6 Rxd5 35. Re7 Qf5 36. Rxg7+ Kxg7 37. Qe7+ Kh6 38. Qf8+ Kg5 39. Qh8 Qg4 40. f4+ Kf5 41. Qc8+ Ke4 42. Qxg4 Rd2 43. Qf3+ Kf5 44. g4+ 1-0

[Event "Novi Sad TS Mix 236th"]
[Site "Novi Sad"]
[Date "2022.02.13"]
[Round "9.1"]
[White "Bulajic, Ratko"]
[Black "Yasaswi, Krishna Bommi"]
[Result "1-0"]
[WhiteElo "2147"]
[BlackElo "1271"]
[PlyCount "123"]
[EventDate "2022.02.08"]
[EventType "schev"]
[EventRounds "9"]
[EventCountry "SRB"]
[SourceTitle "CBM 207 Extra"]
[Source "ChessBase"]
[SourceDate "2022.05.31"]
[SourceVersion "1"]
[SourceVersionDate "2022.05.31"]
[SourceQuality "1"]
[WhiteTeam "Team A"]
[BlackTeam "Team B"]
[WhiteTeamCountry "SRB"]
[BlackTeamCountry "SRB"]

1. d4 Nf6 2. c4 e6 3. Nf3 Be7 4. Nc3 0-0 5. e4 c5 6. d5 exd5 7. cxd5 Re8 8. Bd3 c4 9. Bc2 Bf8 10. 0-0 g6 11. e5 Nh5 12. g4 Ng7 13. d6 Nc6 14. Re1 a6 15. Nd5 Ne6 16. Be3 Qa5 17. Bb6 Qb5 18. a4 Qxb2 19. Rb1 Qa3 20. Re3 Qa2 21. Nf6+ Kh8 22. Nxe8 Bh6 23. Rc3 Bf4 24. Qe2 Nb4 25. Rxb4 Qa1+ 26. Qe1 Qxe1+ 27. Nxe1 Bd2 28. Rbxc4 Bxc3 29. Rxc3 Nf4 30. Rc5 Ne6 31. Rc4 a5 32. f4 Ra6 33. Rxc8 Rxb6 34. Nf6+ Kg7 35. g5 Nf8 36. Rxf8 Kxf8 37. Nxd7+ Ke8 38. Nxb6 Kd8 39. Nd3 Ke8 40. Nc5 Kd8 41. Ne4 Ke8 42. Nf6+ Kd8 43. Nxh7 Ke8 44. Nf6+ Kd8 45. Ne4 Ke8 46. Nc5 Kd8 47. Nxb7+ Ke8 48. Be4 Kf8 49. Bc6 Kg7 50. Nxa5 Kf8 51. Nb7 Kg7 52. a5 Kf8 53. a6 Kg7 54. Nd8 Kf8 55. Bd5 Kg7 56. Bxf7 Kf8 57. Bxg6 Kg7 58. a7 Kxg6 59. Kf2 Kg7 60. f5 Kf8 61. Ne6+ Kf7 62. g6+ 1-0

[Event "Novi Sad TS Mix 236th"]
[Site "Novi Sad"]
[Date "2022.02.09"]
[Round "3.1"]
[White "Dokic, Zoran"]
[Black "Yasaswi, Krishna Bommi"]
[Result "1-0"]
[WhiteElo "1921"]
[BlackElo "1271"]
[PlyCount "113"]
[EventDate "2022.02.08"]
[EventType "schev"]
[EventRounds "9"]
[EventCountry "SRB"]
[SourceTitle "CBM 207 Extra"]
[Source "ChessBase"]
[SourceDate "2022.05.31"]
[SourceVersion "1"]
[SourceVersionDate "2022.05.31"]
[SourceQuality "1"]
[WhiteTeam "Team A"]
[BlackTeam "Team B"]
[WhiteTeamCountry "SRB"]
[BlackTeamCountry "SRB"]

1. e4 e5 2. Nf3 Nf6 3. Nxe5 d6 4. Nf3 Nxe4 5. Nc3 Nf6 6. d4 Be7 7. Bd3 0-0 8. h3 Be6 9. Ne2 Re8 10. 0-0 Bf8 11. Nf4 Bd7 12. d5 g6 13. c3 Bg7 14. Qb3 Na6 15. Bxa6 bxa6 16. Be3 Rb8 17. Qa3 Bb5 18. Rfe1 Rb7 19. Rad1 Bh6 20. Rd4 Bxf4 21. Bxf4 Rxe1+ 22. Nxe1 Qe7 23. Be3 Ne4 24. c4 Bd7 25. b3 Nc5 26. Rd1 Ne4 27. Qc1 Qf6 28. Bd4 Qg5 29. f3 Qxc1 30. Rxc1 Ng3 31. Kf2 Nf5 32. Bf6 h5 33. g4 hxg4 34. hxg4 Ng7 35. Nc2 Ne8 36. Bc3 c5 37. dxc6 Bxc6 38. Nb4 Rb6 39. a4 Ba8 40. a5 Rb8 41. Rb1 Bb7 42. Nd3 Bc6 43. Bb4 Kg7 44. g5 f6 45. Re1 Kf7 46. gxf6 Kxf6 47. Bc3+ Kf7 48. b4 Nc7 49. c5 dxc5 50. Ne5+ Kf8 51. Nxc6 Rb7 52. Re7 cxb4 53. Bg7+ Kg8 54. Bh6 b3 55. Rg7+ Kh8 56. Ne5 b2 57. Nxg6# 1-0

[Event "Novi Sad TS Mix 236th"]
[Site "Novi Sad"]
[Date "2022.02.08"]
[Round "1.1"]
[White "Zotova, Anastasia"]
[Black "Yasaswi, Krishna Bommi"]
[Result "1-0"]
[WhiteElo "2006"]
[BlackElo "1271"]
[PlyCount "73"]
[EventDate "2022.02.08"]
[EventType "schev"]
[EventRounds "9"]
[EventCountry "SRB"]
[SourceTitle "CBM 207 Extra"]
[Source "ChessBase"]
[SourceDate "2022.05.31"]
[SourceVersion "1"]
[SourceVersionDate "2022.05.31"]
[SourceQuality "1"]
[WhiteTeam "Team A"]
[BlackTeam "Team B"]
[WhiteTeamCountry "SRB"]
[BlackTeamCountry "SRB"]

1. e4 e5 2. Nf3 Nf6 3. Nc3 Bb4 4. Bc4 Bxc3 5. dxc3 d6 6. 0-0 0-0 7. Qe2 Nc6 8. h3 b6 9. Bg5 h6 10. Bh4 Bb7 11. Rad1 Re8 12. Nh2 g5 13. Bg3 Ne7 14. Bxe5 Ng6 15. Bxf6 Qxf6 16. Ng4 Qg7 17. Qf3 Nf4 18. Bd5 c6 19. Bb3 d5 20. exd5 cxd5 21. Rfe1 Rab8 22. Rxe8+ Rxe8 23. g3 f5 24. gxf4 fxg4 25. hxg4 Rf8 26. Bxd5+ Bxd5 27. Qxd5+ Kh8 28. f5 h5 29. Kg2 hxg4 30. Rh1+ Qh7 31. Rxh7+ Kxh7 32. Qd7+ Kg8 33. Qe6+ Rf7 34. f6 b5 35. Qe8+ Rf8 36. Qg6+ Kh8 37. Qg7# 1-0